000 00839nam a2200265Ia 4500
003 OSt
005 20220928130353.0
006 a|||||r|||| 00| 0
007 ta
008 220927b |||||||| |||| 00| 0 eng d
020 _c2495
024 _a124991
037 _b50, 13/10/2014, Better Book Service
_cTextual
040 _aSDCL
_cSDCL
_beng
041 _2eng
_aeng
082 _aV4'P, Q3
100 _aLaruelle Marlene
_9387647
245 0 _aGlobalizing central Asia
_b Geopolitics and the challenges of economic development
260 _aNew Delhi
_bDBS Imprints
_c2014
300 _axx;355p.
_ccm.
650 _aPolitical Science
700 _a Peyrouse Sebastien
_9473711
942 _hV4'P, Q3
_cTEXL
_2CC
999 _c786306
_d786306